01277nam a22001817a 4500003000400000005001700004008004100021082001500062100004800077245004000125250001700165260005100182300002600233490005200259520059000311650017000901700002401071OSt20260408105620.0260408b |||||||| |||| 00| 0 SPA d 28449422973 a Merriam-Webster Inc. y Longman Group Ltd.. aEnglish Dictionary Spanish Edition a1RA EDICION  aBarcelona-España bEditorial Océanoc1992. a1071 páginas.c26cm 3 tapa dura encuadernación de lujoacon CD-ROM aClarificar el léxico: Define términos complejos de forma sencilla, incluyendo neologismos, tecnicismos y modismos actuales. Perfeccionar la gramática: Guía al usuario en el uso correcto de estructuras, verbos compuestos (phrasal verbs) y colocaciones comunes. Fomentar la autonomía: Busca que el lector desarrolle la capacidad de pensar en inglés al ofrecer ejemplos de uso en contextos reales. Apoyar el aprendizaje multimedia: Complementa la consulta textual con recursos interactivos (en sus versiones con CD-ROM) para mejorar la pronunciación y la retención visual. aCategoría Gramatical , Definición Monolingüe , Ejemplos de UsovAudios de Pronunciación:xSección Preliminar , Cuerpo del Diccionario, Anexos y Apéndices aLongman Group Ltd..